Podpora intermodality pomocou programu Marco Polo

Program Marco Polo ako finančný nástroj Európskej únie, ktorého úlohou je zvyšovať podiel intermodálnej dopravy a zlepšovať tak situáciu cestnej dopravnej infraštruktúry. Akcie podporované z programu Marco Polo II. Základné podmienky získania finančných zdrojov. Možnosti v podmienkach Slovenskej rep...

Ausführliche Beschreibung

Gespeichert in:
Bibliographische Detailangaben
1. Verfasser: Moravčík, Tomáš
Format: Buchkapitel
Sprache:Slowakisch
Schlagworte:
Tags: Tag hinzufügen
Keine Tags, Fügen Sie das erste Tag hinzu!

MARC

LEADER 00000naa$a2200000$$$4500
001 0067840
005 20231108134245.1
041 0 |a slo 
044 |a SK 
245 1 0 |a Podpora intermodality pomocou programu Marco Polo  |c Tomáš Moravčík 
520 |a Program Marco Polo ako finančný nástroj Európskej únie, ktorého úlohou je zvyšovať podiel intermodálnej dopravy a zlepšovať tak situáciu cestnej dopravnej infraštruktúry. Akcie podporované z programu Marco Polo II. Základné podmienky získania finančných zdrojov. Možnosti v podmienkach Slovenskej republiky. Program Marco Polo a cestná doprava. 
610 2 0 |a doprava cestná nákladná 
610 2 0 |a doprava cestná osobná 
610 2 0 |a doprava železničná 
610 2 0 |a doprava námorná 
610 2 0 |a financie 
610 2 0 |a financovanie 
610 2 0 |a programy 
610 2 0 |a Európska únia 
100 1 |a Moravčík, Tomáš